Educación en medios: alfabetización, aprendizaje y cultura contemporánea
Salvato in:
| Autore principale: | |
|---|---|
| Natura: | Libro |
| Lingua: | spagnolo |
| Pubblicazione: |
Barcelona, España
Paidós
2005
|
| Serie: | Paidós Comunicación.
158 |
| Soggetti: | |
| Tags: |
Aggiungi Tag
Nessun Tag, puoi essere il primo ad aggiungerne!!
|
MARC
| LEADER | 00000nam a2200000 a 4500 | ||
|---|---|---|---|
| 001 | UCH8599 | ||
| 003 | CL-VaPUC | ||
| 005 | 20220331074355.0 | ||
| 008 | 091203e20050000SP |||||||||||||||||spa|d | ||
| 999 | |c 338810 |d 338808 | ||
| 020 | |a 9788449316618 | ||
| 040 | |c Pontificia Universidad Católica de Valparaíso | ||
| 082 | 0 | 4 | |a 371.33 BUC 2005 |2 21 |
| 100 | 0 | |a Buckingham, David |9 545239 | |
| 245 | 1 | 0 | |a Educación en medios: alfabetización, aprendizaje y cultura contemporánea |
| 260 | 0 | 3 | |a Barcelona, España |b Paidós |c 2005 |
| 300 | |a 335 páginas | ||
| 490 | 0 | |a Paidós Comunicación. |v 158 | |
| 583 | |a last modification |c 20170823 11:18:26 |k Rodrigo Vera | ||
| 650 | 7 | |a ENSEÑANZA CON AYUDA DE COMPUTADORES |2 CL-VaPUC |9 262450 | |
| 650 | 7 | |a MATERIAL AUDIOVISUAL |2 CL-VaPUC |9 308466 | |
| 650 | 0 | |a Educación tecnológica |9 307597 | |
| 650 | 0 | |a Medios de comunicación de masas |9 257273 | |
| 942 | |c BK |2 ddc | ||
| 945 | |d 20091203 00:00:00 |a rbrito | ||
| 952 | |0 0 |1 0 |2 ddc |4 0 |6 371_330000000000000_BUC_2005 |7 0 |8 A |9 431940 |a BIBEDU |b BIBEDU |d 2019-11-22 |i 4623096 |o 371.33 BUC 2005 |p 4623096 |r 2019-11-22 |t 1 |w 2019-11-22 |y BK |k EPE | ||
| 952 | |0 0 |1 0 |2 ddc |4 0 |6 371_330000000000000_BUC_2005 |7 0 |8 A |9 431941 |a BIBEDU |b BIBEDU |d 2019-11-22 |i 462310K |o 371.33 BUC 2005 |p 462310K |r 2019-11-22 |t 2 |w 2019-11-22 |y BK |k EPE | ||